000 00541nam a22001337a 4500
008 230605b xxu||||| |||| 00| 0 eng d
020 _a9966058461
082 _a330.96762
_bKIP
245 _aKenya Economic Report 2015
_bEmpowering Youth Through Decent And Productive Employment
_cKenya Institute For Public Policy Research And Analysis
260 _aNairobi
_bKenya Institute For Public Policy Research And Analysis
_c2015
300 _a192 p
710 _bKenya Institute For Public Policy Research And Analysis
_cNairobi
_d2015
942 _2ddc
_cBK
999 _c379
_d379